Маргарита Арнаудова (Запис номер 143271)
[ съкратено ]
| 000 -Лидер | |
|---|---|
| Лидер | 02248nam a2200481 a 4500 |
| 003 - Код на организацията, давaща контролен номер | |
| Код на организацията, даваща контролен номер | BLK |
| 005 - Дата и час на последна редакция | |
| Дата и час на последна редакция | 20230717133436.0 |
| 008 - Елементи от данни с фиксирана дължина | |
| Елементи с фиксирана дължина | 180409b bul|||||r ||||||| ||bul|| |
| 010 ## - Наследен системен номер | |
| LC control number | KNG00149388000 |
| 020 ## - Международен стандартен номер на книга ISBN | |
| ISBN | 978-954-927-685-5 |
| 040 ## - Източник на каталожния запис | |
| Код на библиотеката | BLK |
| 041 ## - Код за език | |
| Език | Български |
| Език за КДБФ | Български |
| 072 #7 - Код за тематичната категория | |
| Код организация | bullib |
| Код за тематична категория | Н70 |
| Текст | Изкуства Н |
| 080 ## - УДК | |
| УДК текст | Балет. Режисьори |
| УДК код | 792.8.071.1 |
| УДК – определител | (497.2)(092) |
| УДК – код + определител | 792.8.071.1(497.2)(092) |
| 080 ## - УДК | |
| УДК текст | Балетни танци (класически и модерни). Характерни танци. Вж и 78.085.5; 78.085.7; 792.8 |
| УДК код | 793.32 |
| УДК – определител | (497.2) |
| УДК – код + определител | 793.32(497.2) |
| 080 ## - УДК | |
| УДК текст | Българска балерина, балетмайсторка |
| УДК код | 929 Арнаудова, Маргарита Димитрова |
| УДК – код + определител | 929 Арнаудова, Маргарита Димитрова |
| 100 1# - Редна дума - Автор | |
| Автор | Янева, Анелия Димитрова |
| R(LIN) | 365356 |
| 245 10 - Сведения за заглавието | |
| Заглавие | Маргарита Арнаудова |
| Подзаглавни данни | Не мога да отделя балета от себе си... |
| Авторска отговорност | Анелия Димитрова Янева; ред. Симеон Василев. |
| 257 ## - Страна на издаване | |
| Страна на създаване/издаване | България |
| 260 ## - Област на издателските данни | |
| Име на издателя | СиВас Консултинг |
| Година на издаване | 2011 |
| Печатница | София : Спектър |
| Място на издаване | София |
| 300 ## - Физическа характеристика | |
| Брой страници | 271 с. |
| Илюстрации | с ил., портр. |
| Размер | 23 см |
| 380 ## - Жанр | |
| Жанр | Изкуство |
| 500 ## - Общи забележки | |
| Обща забележка | Съдържа: Именен показалец ; Библиогр. с. 248-260. |
| 600 14 - Име на лице, използвано като предмет | |
| За него / За нея | Арнаудова, Маргарита Димитрова |
| 9 (RLIN) | 327924 |
| 650 #4 - Допълнително описание по предмет – тема | |
| Предметна рубрика | Балет, български |
| 9 (RLIN) | 250162 |
| 650 #4 - Допълнително описание по предмет – тема | |
| Предметна рубрика | Хореография, българска |
| 9 (RLIN) | 250163 |
| 650 #4 - Допълнително описание по предмет – тема | |
| Предметна рубрика | Арнаудова, Маргарита Димитрова |
| 9 (RLIN) | 327924 |
| 651 #4 - Допълнително описание по предмет - топоним | |
| Географско понятие | България |
| 9 (RLIN) | 241624 |
| 653 ## - Ключова дума – ненормативна | |
| Ключови думи | балет |
| 653 ## - Ключова дума – ненормативна | |
| Ключови думи | хореография |
| 653 ## - Ключова дума – ненормативна | |
| Ключови думи | режисьори |
| 653 ## - Ключова дума – ненормативна | |
| Ключови думи | Маргарита Арнаудова |
| 659 ## - Тематичен бюлетин | |
| Тематичен бюлетин | Н |
| 700 1# - Други автори (авторска отговорност) | |
| Друг автор | Василев, Симеон |
| Авт. отговорност на др. автор | ред. |
| 9 (RLIN) | 327923 |
| 852 ## - Местоположение | |
| Сигнатура (форматна) | Цб 264258 |
| Отдел | Хранилище |
| 856 4# - Електронен адрес и достъп | |
| Електронен формат | pdf - файл |
| 856 4# - Електронен адрес и достъп | |
| Електронен формат | pdf - файл |
| 942 ## - АРТИКУЛИ | |
| Вид на библиотечния документ | Книги |
| Скрит в OPAC | Не |
| 944 ## - СЪЗДАВАНЕ И РЕДАКЦИЯ на ЗАПИСА | |
| Създаване/Редакция | Създаване |
| Дата на регистрацията/редакция | 16.08.2013 |
| Номер на служител | Русанова Ирена |
| Служител, извършил регистрацията/редакцията | 30542 |
| 944 ## - СЪЗДАВАНЕ И РЕДАКЦИЯ на ЗАПИСА | |
| Създаване/Редакция | Редакция |
| Дата на регистрацията/редакция | 17.07.2023 |
| Служител, извършил регистрацията/редакцията | ир |
| 999 ## - СИСТЕМНИ КОНТРОЛНИ НОМЕРА | |
| Koha biblionumber | 143271 |
| Koha biblioitemnumber | 143271 |
| 999 ## - СИСТЕМНИ КОНТРОЛНИ НОМЕРА | |
| Koha biblioitemnumber | 143271 |
| Код за отписване | Код за изгубен артикул | Източник на класификационната схема | Код за повреда | Коз за рестрикции | Код за отдаване | Артикулен № | Име на библиотеката - собственик | Име на библиотеката, в която се намира в момента | Статус (Текущо местоположение) | Дата на вписване в системата | Местоположение - отдел | Цена в лева | Инвентарен номер | Систематично азбучна сигнатура | Баркод | Номер на екземпляра | Цена в евро | Служебна бележка | Служебен тип на артикула |
|---|---|---|---|---|---|---|---|---|---|---|---|---|---|---|---|---|---|---|---|
| Не е изгубен | Universal Decimal Classification | Не е повреден | само за читалня | ползва се в читалня | 237713 | Регионална библиотека "Любен Каравелов" Русе | Регионална библиотека "Любен Каравелов" Русе | Хранилище | 2013-08-08 | Хранилище | 18.00 | 120000768770 | Цб 264258 | 120000768770 | 1 | 9.20 | Дост: Dp Вид: Д N: 18 Дата: 02.05.2012 | Книги | |
| Не е изгубен | Universal Decimal Classification | Не е повреден | без рестрикции | заемане за дома | 237714 | Регионална библиотека "Любен Каравелов" Русе | Регионална библиотека "Любен Каравелов" Русе | Отдел Изкуство - подръчен фонд | 2014-04-11 | Отдел Изкуство - подръчен фонд | 18.00 | 120000776668 | 792.8(092)/А 87 | 120000776668 | 2 | 9.20 | Дост: Pk Вид: Ф N: 395 Дата: 07.04.2014 | Книги |